| 000 | 00533cam a2200229 4500 | ||
|---|---|---|---|
| 001 | B1810 | ||
| 008 | 090401t1984 xxu||||| |||| 00| 0 eng d | ||
| 035 | _a(Sirsi) u46574 | ||
| 041 | _aeng | ||
| 050 | _a333.33 | ||
| 110 |
_aSavills _92020 |
||
| 245 | _aProperty outlook. - 1985 | ||
| 260 |
_aLondon _bSavills _c1984 |
||
| 300 | _a20p. : ill. ; 30cm. | ||
| 350 | _a0 | ||
| 650 | _aFARM LAND | ||
| 650 | _aOFFICES | ||
| 650 | _aPROPERTY MARKET | ||
| 650 |
_aRESIDENTIAL PROPERTY _96266 |
||
| 942 | _n0 | ||
| 948 | _c04/03/1997 | ||
| 999 |
_c91946 _d91946 |
||